Boats

Bibliographic Details
Main Author: Steele, Philip
Format: Book
Published: London : Macmillan Children's Books , 1989
Series:Pocket Facts
Subjects:

MARC

LEADER 00000cam a2200000 7i4500
001 0000006833
002 000007362
005 20060128.0
020 |a 0333514580 
090 0 0 |a 001   |b STE 
100 1 |a Steele, Philip 
245 1 0 |a Boats   |c Philip Steele 
260 |a London :   |b Macmillan Children's Books ,   |c 1989 
300 |a 32 p. :   |b ill. ;   |c 18 cm. 
490 0 |a Pocket Facts 
650 0 0 |a Boats and ships   |x Juvenile literature 
999 |a 027248   |b BUKU   |c JUNIOR BOOKS   |e PERPUSTAKAAN KOMUNITI PETALING JAYA